Library Banner

The shambhala principle (Record no. 85256)

MARC details
000 -LEADER
fixed length control field 00472nam a2200181Ia 4500
001 - CONTROL NUMBER
control field 72276
008 - FIXED-LENGTH DATA ELEMENTS--GENERAL INFORMATION
fixed length control field 160401s9999 xx 000 0 und d
020 ## - INTERNATIONAL STANDARD BOOK NUMBER
International Standard Book Number 9780770437345
040 ## - CATALOGING SOURCE
Transcribing agency PK-LaUMT
082 ## - DEWEY DECIMAL CLASSIFICATION NUMBER
Classification number 294.3
Item number MIP-S
100 ## - MAIN ENTRY--PERSONAL NAME
Personal name Mipham, Sakyong
245 #4 - TITLE STATEMENT
Title The shambhala principle
Remainder of title discovering humanity's hidden treasure
Statement of responsibility, etc Mipham, Sakyong
260 ## - PUBLICATION, DISTRIBUTION, ETC. (IMPRINT)
Place of publication, distribution, etc New York,USA:
Name of publisher, distributor, etc Harmony,
Date of publication, distribution, etc 2013
300 ## - PHYSICAL DESCRIPTION
Extent 206 p.
546 ## - LANGUAGE NOTE
Language note EN
650 ## - SUBJECT ADDED ENTRY--TOPICAL TERM
Topical term or geographic name as entry element Buddhism
942 ## - ADDED ENTRY ELEMENTS (KOHA)
Koha item type Books
Holdings
Withdrawn status Lost status Damaged status Not for loan Home library Current library Date acquired Total Checkouts Full call number Barcode Date last seen Date checked out Price effective from Koha item type
        UMT Main Campus UMT Main Campus 2016-04-01 1 294.3 MIP-S 98583 2019-03-28 2019-03-14 2016-04-01 Books